000 00326nam a2200145Ia 4500
100 _asharma/Sanjay
650 _aProduction inventory
942 _cBK
366 _f27
245 _aProduction-Inventory system analysis
260 _bAne Books
_c2016
082 _a658.7
_bSHA
546 _aENGLISH
_cInfo.Tech
999 _c23777
_d23777